00901nam a22002417a 4500003001100000005001700011008004100028020001600069040003900085041000800124082001300132100002300145245006300168260007300231300006400304490003700368650004800405650005500453650004100508942000700549952008800556999001500644LK-CoMWRAF20231206121150.0230929b1998 |||||||| |||| 00| 0 eng d a1558611894  aLK-CoMWRAFdLK-CoMWRAFeLK-CoMWRAF aeng a923bCOO aCook, Alice Hanson aA lifetime of labor:b the autobiography of Alice H. Cook  aNew York:bFeminist Press at the City University of New York, c1998 axiv, 354 p. : ill. ; 24 cmbBibliography and index included aThe Cross-cultural memoir series aWOMEN LABOR LEADERS-United States-Biography aWomen college teachers--United States--Biography.  aFeminists--United States--Biography. cBK 00104070aMAINbMAINd2023-09-29l0o923 COOpRAF1595r2023-09-29w2023-09-29yBK c3747d3747